000
00313nam a2200109Ia 4500
008
220204s9999 xx 000 0 und d
082
_a
382.6(540)
_b
DIR
245
0
_a
Directory of exporters of Indian produce and manufacturers
250
_a
Ed.10
260
_a
New Delhi
_b
Commercial Intelligence
_c
1950
942
_c
BK
999
_c
19850
_d
19850